00750 a2200205 4500010001400000020002300014035001300037037001600050082001100066090001700077100002200094245006400116260004500180270008300225300003700308500002000345942002600365999001700391952013600408 aENG-89869 a8124114186c495.00 aEN-73402 bDBAD / PUB14a386.45 c11907d119071 aSubramanian Swamy1 aRama Setu:bsymbol of national unity/cby Subramanian Swamy aNew DelhibHar-Anand Publicationsc2008 aE-49/3, Okhla Induatrial Area, Phase-IIbNew Delhie110020k41603490l41708607 a224p.:c22 cm. (Hb)bcol. photos aIncludes index. adplcENk386.45 / SUB c11553d11553 00102ddc40718NFICaDBADbDBADeDBAD/PUBg495.00l0o386.45 SUBpEN-73402r2008-09-15 00:00:00t1u12667v495.00w2008-09-15yEN